书目信息 |
| 题名: |
太湖水生动物原色图鉴
|
|
| 作者: | 张寒野 , 王小林 主编 | |
| 分册: | ||
| 出版信息: | 北京 中国农业出版社 2021.6 |
|
| 页数: | 80页 | |
| 开本: | 23cm | |
| 丛书名: | ||
| 单 册: | ||
| 中图分类: | Q958.8 | |
| 科图分类: | ||
| 主题词: | ||
| 电子资源: | ||
| ISBN: | 978-7-109-27504-1 | |
| 000 | 00886nam0 2200241 45 | |
| 001 | 012001002664 | |
| 005 | 20141008100543.0 | |
| 010 | @a978-7-109-27504-1@dCNY58.00 | |
| 100 | @a20210107d2020 em y0chiy50 ea | |
| 101 | 0 | @achi |
| 102 | @aCN@b110000 | |
| 105 | @aa z 000yy | |
| 106 | @ar | |
| 200 | 1 | @a太湖水生动物原色图鉴@Atai hu shui sheng dong wu yuan se tu jian@b专著@f张寒野,王小林主编 |
| 210 | @a北京@c中国农业出版社@d2021.6 | |
| 215 | @a80页@d23cm | |
| 330 | @a本书以2019-2020年期间在渔业捕捞生产过程中收集的标本为依据,现场拍摄原色照片,根据形态特征并结合分子生物学技术分类鉴定,收录13目26科78种鱼类、甲壳类和贝类,基本反映了太湖水生动物多样性的现状。 | |
| 607 | @a太湖@x水生动物@j图集 | |
| 690 | @aQ958.8@v5 | |
| 701 | 0 | @a张寒野@Azhang han ye@4主编 |
| 701 | 0 | @a王小林@Awang xiao lin@4主编 |
| 801 | 2 | @aCN@bBJSDL@c20211018 |
| 905 | @b1344602-5@dQ958.8@e350@f4 | |
| 太湖水生动物原色图鉴/张寒野,王小林主编.-北京:中国农业出版社,2021.6 |
| 80页;23cm |
| ISBN 978-7-109-27504-1:CNY58.00 |
| 本书以2019-2020年期间在渔业捕捞生产过程中收集的标本为依据,现场拍摄原色照片,根据形态特征并结合分子生物学技术分类鉴定,收录13目26科78种鱼类、甲壳类和贝类,基本反映了太湖水生动物多样性的现状。 |
| ● |
| 相关链接 |
|
|
|
|
正题名:太湖水生动物原色图鉴
索取号:Q958.8/350
 
预约/预借
| 序号 | 登录号 | 条形码 | 馆藏地/架位号 | 状态 | 备注 |
| 1 | 1344602 | 213446029 | 第二样本阅览室/ [索取号:Q958.8/350] | 在馆 | |
| 2 | 1344603 | 213446038 | 第三借阅区/ [索取号:Q958.8/350] | 在馆 | |
| 3 | 1344604 | 213446047 | 第三借阅区/ [索取号:Q958.8/350] | 在馆 | |
| 4 | 1344605 | 213446056 | 第三借阅区/ [索取号:Q958.8/350] | 在馆 |